Κατάλογος Βιβλιοθηκών Mediterranean College

The Globalization of Business / The Challenge of the 1990s (Record no. 738)

MARC details
000 -LEADER
fixed length control field 01486cam a22001934a 4500
005 - ΗΜΕΡΟΜΗΝΙΑ ΚΑΙ ΩΡΑ ΤΕΛΕΥΤΑΙΑΣ ΕΝΗΜΕΡΩΣΗΣ
Πεδίο ελέγχου 20250605163944.0
008 - FIXED-LENGTH DATA ELEMENTS--GENERAL INFORMATION
Πεδίο ελέγχου σταθερού μήκους 250528s ||||||||||||||||||||||||d
035 ## - SYSTEM CONTROL NUMBER
System control number 15144
020 ## - ISBN
ISBN 415096111
040 ## - ΠΗΓΗ ΚΑΤΑΛΟΓΟΓΡΑΦΗΣΗΣ
Φορέας πρωτότυπης καταλογογράφησης MC Athens Campus Library
Γλώσσα καταλογογράφησης Ελληνικά, Μοντέρνα (1453-)
Modifying agency MC Athens Campus Library
Κανόνες περιγραφικής καταλογογράφησης AACR2
245 1# - ΤΙΤΛΟΣ ΚΑΙ ΔΗΛΩΣΗ ΥΠΕΥΘΥΝΟΤΗΤΑΣ
Τίτλος The Globalization of Business / The Challenge of the 1990s
260 ## - PUBLICATION, DISTRIBUTION, ETC.
Name of publisher, distributor, etc. Rouledge,
Date of publication, distribution, etc. 1993
300 ## - PHYSICAL DESCRIPTION
Extent 468
520 ## - SUMMARY, ETC.
Summary, etc. This state-of-the-art collection of essays identifies key themes in international business, looking ahead to the remaining year of the 1990s. Preface, Acknowledgements, Challenges for Teaching and Research in International Business, The Study of International Business: A Plea for a More Interdisciplinary Approach, Challenges for Theorizing about MNEs and MNE Activity, Micro - and Macro-Organizational Aspects of MNEs and MNE Activity, The Changing Dynamics of International Production, Global Strategy and the Theory of International Production, The Competitive Advantage of Countries and MNE Activity, Challenges to Established Patterns of MNE Activity, Japanese MNEs in Europe and the US: Some Comparisons and Contrasts, Transatlantic Foreign Direct Investment and the European Economic Community, Technology-Based Cross-Border Alliances, The Globalization of Service Activities, Challenges to National and Regional Government Policies, The Political Economy of MNE Activity, Notes and References, Index.
700 1# - ΠΡΟΣΘΕΤΗ ΑΝΑΓΡΑΦΗ--ΦΥΣΙΚΟ ΠΡΟΣΩΠΟ
Personal name Dunning H. John
9 (RLIN) 999
942 ## - ADDED ENTRY ELEMENTS (KOHA)
Koha item type Books
Holdings
Τύπος τεκμηρίου Βιβλιοθήκη Τρέχουσα τοποθεσία Barcode Αριθμός εισαγωγής Ημερομηνία απόκτησης Ταξιθετικό σύμβολο Αριθμός αντιτύπου Κατάσταση απόσυρσης Κατάσταση χαμένου Κατάσταση κατεστραμμένου Μη δανεισμός Σύνολο δανεισμών Ημερομηνία τελευταίας εμφάνισης Η τιμή ισχύει από
Books MC Athens Campus Library MC Athens Campus Library 9780000007377 1375 05/06/2025 658.049 DUN 2           05/06/2025 05/06/2025

MC Athens Campus Library
Πατησίων 94 & Κοδριγκτώνος 13, 104 34
Πελλήνης 8 & Πατησίων 107, 112 51
Τ: +30 210 8899600

MC Thessaloniki Campus Library
Ίωνος Δραγούμη 21, 54625 | Ίωνος Δραγούμη 15, 54625
Τ: +30 2310 287779 – Τ: +30 2314 440300